10 Capitals Closest to Sofia - Statistics

General Stats
  • This quiz has been taken 105 times
  • The average score is 8 of 10
Answer Stats
km Capital % Correct
526 Athens
91%
175 Skopje
86%
294 Bucharest
84%
326 Tirana
81%
328 Belgrade
80%
628 Budapest
80%
176 Pristina
72%
418 Sarajevo
72%
644 Chisinau
62%
335 Podgorica
62%
No matching quizzes found
Score Distribution
Percent of People with Each Score
Percentile by Number Answered
Your Score History
You have not taken this quiz